100 Famous Artists by Famous Song - Statistics

General Stats
  • This quiz has been taken 425 times
  • The average score is 58 of 100
Answer Stats
Song Country Artist % Correct
Billie Jean United States Michael Jackson
94%
Bohemian Rhapsody United Kingdom Queen
93%
Dancing Queen Sweden ABBA
92%
Rolling in the Deep United Kingdom Adele
89%
In da Club United States 50 Cent
88%
All I Want for Christmas Is You United States Mariah Carey
87%
Smells Like Teen Spirit United States Nirvana
85%
Highway to Hell Australia AC/DC
84%
Jailhouse Rock United States Elvis Presley
84%
Bad Romance United States Lady Gaga
84%
Purple Rain United States Prince
84%
Single Ladies (Put a Ring on It) United States Beyoncé
82%
Livin’ on a Prayer United States Bon Jovi
82%
Viva La Vida United Kingdom Coldplay
82%
Lose Yourself United States Eminem
81%
Careless Whisper United Kingdom George Michael
81%
Sweet Child O' Mine United States Guns N' Roses
80%
Like A Prayer United States Madonna
80%
Diamonds Barbados Rihanna
80%
Yesterday United Kingdom The Beatles
80%
Take On Me Norway a-Ha
79%
Stayin' Alive United Kingdom Bee Gees
78%
Toxic United States Britney Spears
78%
Gangnam Style South Korea PSY
78%
(I Can't Get No) Satisfaction United Kingdom The Rolling Stones
78%
Hotel California United States Eagles
77%
Candle In The Wind United Kingdom Elton John
77%
Jolene United States Dolly Parton
74%
Another Brick in the Wall United Kingdom Pink Floyd
74%
Losing My Religion United States R.E.M.
74%
Every Breath You Take United Kingdom The Police
74%
Whenever, Wherever Colombia Shakira
73%
Wannabe United Kingdom Spice Girls
73%
I Will Always Love You United States Whitney Houston
73%
Back to Black United Kingdom Amy Winehouse
72%
Blinding Lights Canada the Weeknd
71%
No Woman, No Cry Jamaica Bob Marley and the Wailers
70%
Stairway to Heaven United Kingdom Led Zeppelin
70%
99 Problems United States Jay-Z
69%
Hey Ya! United States Outkast
67%
Dream On United States Aerosmith
65%
In the Air Tonight United Kingdom Phil Collins
65%
Sk8er Boi Canada Avril Lavigne
64%
Seven Nation Army United States The White Stripes
64%
Ring of Fire United States Johnny Cash
63%
Starman United Kingdom David Bowie
62%
Master of Puppets United States Metallica
62%
Genie in a Bottle United States Christina Aguilera
61%
Eye of the Tiger United States Survivor
61%
Like a Rolling Stone United States Bob Dylan
59%
New York, New York United States Frank Sinatra
56%
Wake Me Up When September Ends United States Green Day
56%
99 Luftballons Germany Nena
56%
London Calling United Kingdom The Clash
56%
In the End United States Linkin Park
55%
Let's Get It On United States Marvin Gaye
55%
Johnny B. Goode United States Chuck Berry
54%
Levitating United Kingdom Dua Lipa
54%
I Was Made for Lovin' You United States Kiss
53%
Isn’t She Lovely United States Stevie Wonder
53%
God Save the Queen United Kingdom Sex Pistols
52%
Hello United States Lionel Richie
49%
Harder, Better, Faster, Stronger France Daft Punk
48%
Pour Some Sugar on Me United Kingdom Def Leppard
48%
She Will Be Loved United States Maroon 5
48%
Pinball Wizard United Kingdom The Who
48%
Du Hast | Sonne Germany Rammstein
47%
Riders on the Storm United States The Doors
47%
Blitzkrieg Bop United States Ramones
46%
I Got You (I Feel Good) United States James Brown
45%
Tutti-Frutti United States Little Richard
45%
Hit the Road Jack United States Ray Charles
45%
Hot Stuff United States Donna Summer
44%
I Get Around United States The Beach Boys
44%
Hallelujah Canada Leonard Cohen
43%
Desire Ireland U2
43%
Wind of Change Germany Scorpions
42%
At Last United States Etta James
41%
I Say a Little Prayer United States Aretha Franklin
40%
Angels United Kingdom Robbie Williams
40%
Ain't No Sunshine United States Bill Withers
39%
Any Way You Want It United States Journey
36%
Rock Your Body United States Justin Timberlake
36%
Can’t Stop
United States Red Hot Chili Peppers
36%
Son of a Preacher Man United Kingdom Dusty Springfield
35%
My Immortal United States Evanescence
32%
Get Ur Freak On United States Missy Elliott
32%
You're Still The One Canada Shania Twain
32%
Dear Mama United States Tupac Shakur
30%
Fight the Power United States Public Enemy
28%
Swimming Pools (Drank) United States Kendrick Lamar
27%
Once in a Lifetime United States Talking Heads
27%
La Bamba United States Los Lobos
22%
C.R.E.A.M. United States Wu-Tang Clan
22%
A Change Is Gonna Come United States Sam Cooke
20%
N.Y. State of Mind United States Nas
18%
Mississippi Goddam United States Nina Simone
14%
Radioactivity Germany Kraftwerk
13%
Return to Innocence Germany Enigma
8%
No matching quizzes found
Score Distribution
Percent of People with Each Score
Percentile by Number Answered
Your Score History
You have not taken this quiz